INDIAN BAR REVIEW Vol. XXXVI (1TO 2) 2009 (Record no. 7399)

MARC details
000 -LEADER
fixed length control field 00380nam a22001457a 4500
005 - DATE AND TIME OF LATEST TRANSACTION
control field 20200710113407.0
008 - FIXED-LENGTH DATA ELEMENTS--GENERAL INFORMATION
fixed length control field 200710b xxu||||| |||| 00| 0 eng d
082 ## - DEWEY DECIMAL CLASSIFICATION NUMBER
Classification number 345.4005
100 ## - MAIN ENTRY--AUTHOR NAME
Personal name DEB, ASHOK KUMAR
245 ## - TITLE STATEMENT
Title INDIAN BAR REVIEW Vol. XXXVI (1TO 2) 2009
260 ## - PUBLICATION, DISTRIBUTION, ETC. (IMPRINT)
Place of publication NEW DELHI
Name of publisher BAR COUNCILA OF INDIA
Year of publication 2009
300 ## - PHYSICAL DESCRIPTION
Number of Pages 476p.
650 ## - SUBJECT ADDED ENTRY--TOPICAL TERM
Topical Term LAW
942 ## - ADDED ENTRY ELEMENTS (KOHA)
Koha item type Journals/Serial

No items available.